Szczegóły MARC21

Nowa księga przysłów i wyrażeń przysłowiowych polskich. T. 4, Wstęp, bibliografia, słownik wyrazów staropolskich, gwarowych i obcych, indeks haseł pomocniczych /

003 -Nazwa inst., której nr kontr. jest w polu 001 [,]
    • @
    • Nazwa instytucji, której n kontrolny jest w polu 001
    • NUKAT
005 -DATA I CZAS OSTATNIEJ MODYFIKACJI [,]
    • @
    • pole kontrolne
    • 20241231113510.0
040 -Instytucja sporządzająca opis [ , ]
    • a
    • Instytucja, która sporządziła opis (NP)
    • GD U/as
    • c
    • Instytucja, która sporządziła rekord (NP)
    • GD U/as
    • d
    • Instytucja, która zmodyfikowała rekord (P)
    • GD U/as
    • d
    • Instytucja, która zmodyfikowała rekord (P)
    • GD U/ISSs
    • d
    • Instytucja, która zmodyfikowała rekord (P)
    • KR PAU/LP
    • d
    • Instytucja, która zmodyfikowała rekord (P)
    • WR O/AKs GD U/Doro
942 -Rodzaj dokumentu [ , ]
    • c
    • Rodzaj dokumentu
    • Książka
245 -Strefa tytułu i oznaczenia odpowiedzialności [0,0]
    • a
    • Tytuł
    • Nowa księga przysłów i wyrażeń przysłowiowych polskich. Find
    • n
    • Oznaczenie części (P)
    • T. 4,
    • p
    • Nazwa części (P)
    • Wstęp, bibliografia, słownik wyrazów staropolskich, gwarowych i obcych, indeks haseł pomocniczych /
    • c
    • Pozostałe elementy strefy tytułu i oznaczenia odpowiedzialności (NP)
    • oprac. Stanisław Świrko przy współudz. Dobrosławy Świerczyńskiej i Sabiny Świrko.
246 -Wariant tytułu [1,4]
    • a
    • Tytuł (NP)
    • Nowa księga przysłów polskich
250 -Strefa wydania [ , ]
    • a
    • Oznaczenie wydania (NP)
    • Wyd. 1, 2 rzut.
260 -Strefa adresu wydawniczego [ , ]
    • a
    • Miejsce wydania (P)
    • Warszawa :
    • b
    • Nazwa wydawcy (P)
    • Państwowy Instytut Wydawniczy,
    • c
    • Data wydania (P)
    • dr. 1979.
300 -Strefa opisu fizycznego [ , ]
    • a
    • Określenie formy książki i/lub objętość (NP)
    • 627, [5] s. ;
    • c
    • Format (NP)
    • 25 cm.
336 -Typ zawartości [ , ]
    • a
    • Termin opisujący typ zawartości
    • Tekst
    • b
    • Kod określający zawartość
    • txt
    • 2
    • Źródło (terminu i kodu)
    • rdacontent
337 -Typ mediów [ , ]
    • a
    • Tryb odtwarzania
    • Bez urządzenia pośredniczącego
    • b
    • Kod typu mediów
    • n
    • 2
    • Źródło (terminu i kodu)
    • rdamedia
338 -Typ/rodzaj nośnika [ , ]
    • a
    • Hasło opisujące typ nośnika
    • Wolumin
    • b
    • Kod typu nośnika
    • nc
    • 2
    • Źródło (terminu i kodu)
    • rdacarrier
500 -Uwaga ogólna [ , ]
    • a
    • Uwaga ogólna (NP)
    • S. tyt.: rok wyd. 1978.
080 -Uniwersalna Klasyfikacja Dziesiętna [ , ]
    • 2
    • Identyfikator wydania tablic
    • UDC-P058
    • 9
    • UKD
    • 14402
    • a
    • Symbol klasyfikacji
    • 821.162.1-84
    • b
    • Dopowiedzenie
    • Literatura polska. - Aforyzmy. Przysłowia. Złote myśli. Przypowieści. Cytaty.
    • 4
    • UKD2
    • 7642
    • x
    • Poddział wspólny
    • (438)
    • c
    • Dopowiedzenie poddz. wspólnego
    • (Polska).
    • 4
    • UKD2
    • 7666
    • x
    • Poddział wspólny
    • (091)
    • c
    • Dopowiedzenie poddz. wspólnego
    • (Opracowania historyczne).
650 -Hasło przedmiotowe [ ,7]
    • a
    • Hasło przedmiotowe
    • Przysłowia polskie
    • v
    • Określnik formalny
    • bibliografia.
    • 2
    • Źródło terminu
    • kaba
    • 9
    • KHW
    • 379071
650 -Hasło przedmiotowe [ ,7]
    • a
    • Hasło przedmiotowe
    • Przysłowia polskie
    • x
    • Określnik rzeczowy
    • indeksy.
    • 2
    • Źródło terminu
    • kaba
    • 9
    • KHW
    • 379070
650 -Hasło przedmiotowe [ ,7]
    • a
    • Hasło przedmiotowe
    • Język polski
    • v
    • Określnik formalny
    • glosaria.
    • 2
    • Źródło terminu
    • kaba
    • 9
    • KHW
    • 166943
980 -Symbol UKD [ , ]
    • a
    • UKD
    • 821.162.1-84(438)(091)
700 -Hasło dodatkowe - nazwa osobowa [1, ]
    • a
    • Nazwa osobowa (NP)
    • Świrko, Stanisław Find
    • d
    • Daty biograficzne (NP)
    • (1911-1992).
    • e
    • Określenie rodzaju współpracy
    • Oprac.
    • 9
    • KHW
    • 37756
700 -Hasło dodatkowe - nazwa osobowa [1, ]
    • a
    • Nazwa osobowa (NP)
    • Świerczyńska, Dobrosława Find
    • d
    • Daty biograficzne (NP)
    • (1937- ).
    • e
    • Określenie rodzaju współpracy
    • Oprac.
    • 9
    • KHW
    • 37757
700 -Hasło dodatkowe - nazwa osobowa [1, ]
    • a
    • Nazwa osobowa (NP)
    • Świrko, Sabina Find
    • d
    • Daty biograficzne (NP)
    • (1908-1994).
    • e
    • Określenie rodzaju współpracy
    • Oprac.
    • 9
    • KHW
    • 37758
710 -Hasło dodatkowe - nazwa ciała zbiorowego [2, ]
    • a
    • Nazwa ciała zbiorowego lub nazwa geograficzna jako pierwszy element (NP)
    • Państwowy Instytut Wydawniczy.
    • 4
    • Kod relacji
    • pbl
    • 9
    • KHW
    • 51410
Numer inwentarzowy Data inwentaryzacji Status udost. Lokalizacja Uwagi nie widoczne w OPAC Sygnatura
W.1442232011-11-26-3BG[n]retrokonwersjaW.144223
Z.40951 1BG[n]retrokonwersjaZ.40951
Z.40952 1BG[n]retrokonwersjaZ.40952
P.2538 1BM[n]retrokonwersjaPOL. Przysłowia, aforyzmy 11